000 00522nam a2200169 i 4500
001 122512
003 ES-MaACL
005 20230906192006.0
007 t|
008 070214s1905 fr |||| | fre d
100 1 _aPrins, Adolphe.
_993985
245 1 0 _aDe l'esprit du gouvernement democratique
_b: essai de science politique /
_cpar Adolphe Prins.
260 _aParis :
_bV. Giard et E. Briere,
_c1905.
300 _aIX, 294 p. ;
_c22 x 14 cm.
650 4 _aDemocracia-
_yS.XIX.
_9145091
852 _aES-MaACL
_jF-14449
999 _c122512
_d122512